000 00218 a2200097 4500
001 48588
100 _aUmbreit, M.H
245 _aModern economic problems
260 _aNew York
_bMcGraw-Hill
_c
090 _c31516
_d31516
942 _aNUST-CAE
_cM
_c23910
999 _c283661
_d283661